| 000 | 00622nam a2200181Ia 4500 | ||
|---|---|---|---|
| 008 | 090201s9999 xx 000 0 und d | ||
| 010 | _aKPL-65863 | ||
| 040 | _bमराठी | ||
| 041 | _aमराठी | ||
| 082 |
_a2402 _b65863 |
||
| 100 | _aधीरेन गाला | ||
| 245 |
_aउपवास करा आणि निरोगी राहा _cधीरेन गाला |
||
| 250 | _a1 | ||
| 260 |
_c1987 _bजे एस् गाला प्रकाशन |
||
| 300 |
_a47 _bमध्यम |
||
| 600 | _aउपवास करा आणि निरोगी राहा | ||
| 942 | _cBOOK | ||
| 999 |
_c203495 _d203495 |
||